000 01545nam a2200289Ia 4500
003 OSt
005 20201029144416.0
008 191128s2013 sp ad gr 000 0 spa d
020 _a9788498284041
040 _aCO-JMCR
_cCO-JMCR
041 0 _aspa
082 0 4 _a658.5 /
_bP177s
_223
100 1 _aPastor Fernández, Andrés,
_eautor
_912225
245 1 0 _aSistemas integrados de gestión /
_cAndrés Pastor Fernández, Manuel Otero Mateo, José Ma Pórtela Núñez, [y otros 2]
250 _aPrimera edición
260 _aCádiz :
_bUniversidad de Cádiz,
_c2013
300 _a211 páginas :
_bilustraciones y gráficos a blanco y negro ;
_c24 cm.
490 0 _aManuales ingenierías y arquitectura
504 _aBibliografía al final de cada capítulo.
505 0 _aConceptos fundamentales de la calidad -- Los sistemas de gestión de la calidad -- Herramientas para la gestión de calidad -- Técnicas de mejora de la calidad -- Modelos de excelencia -- Prevención de riesgos. Modelos de gestión -- Gestión ambiental
520 3 _aNuestro entorno está rodeado de exigencias o requisitos inherentes a cualquier actividad profesional en la búsqueda de la satisfacción de la sociedad. Una sociedad que persigue el equilibrio entre el desarrollo sostenible y la innovación, que impulsa la c
650 1 4 _aCalidad
_xsistemas de gestión
_912226
650 1 4 _aPrevención de riesgos
_xcalidad
_912227
700 1 _aOtero Mateo, Manuel,
_eautor
_912228
700 1 _aPórtela Núñez, José Ma,
_eautor
_912229
942 _2ddc
_cBK
999 _c6377
_d6377